000 00505cam a2200169ua 4500
041 _aeng
_h
082 _a028.71624
_bIYE/TO
100 _aIyyenkar, K T S .
245 _aTorsteel design handbook for re-inforced concrete members with Burnite state design /
_cK T S Iyyenkar.
_hTextual Documents
250 _a1 /
_b.
260 _aNew Delhi :
_bTata Mc-Graw Hill Publishing Company ,
_c1992.
300 _a189 ; .
504 _a
700 1 _aViswanatha, C S .
942 _cBK
999 _c7081
_d7081